| 000 | 00595nam a2200193Ia 4500 | ||
|---|---|---|---|
| 003 | GCL | ||
| 008 | 140319s9999 xx 000 0 ara d | ||
| 040 |
_aGCL / _cGCL |
||
| 082 | 0 | 4 |
_a891.55 _bص ر |
| 100 | 1 | _aصدقة بن ابى القاسم | |
| 245 | 1 | 0 |
_aرائعة القصص الفارسى الاسلامى اسطورة ماه برى / _cصدقة بن ابى القاسم |
| 700 | 1 | _aمحمد فتحى الريس | |
| 300 | _a371 ص | ||
| 490 | _a | ||
| 650 | 0 | 4 | _aالادب الفارسى |
| 650 | 0 | 4 | _aالاساطير |
| 650 | 0 | 4 | _aالقصة الفارسية |
| 942 |
_2ddc _cBK |
||
| 999 |
_c37703 _d37703 |
||